Szó se lehet szlovák megbánásról a magyar sors Csehszlovákiában - nemzetközi konferencia és kiállítás Budapesten

Bibliographic Details
Format: Article
Language:Hungarian
Subjects:

MARC

LEADER 00000nab a2200000 ar4500
001 vtls009150782
003 SK-MaSNL
005 20260318122003.0
008 070928c20070928xo |||||||| 000 b|hun
015 |a SNBRB2007/09  |2 snkbucl 
038 |a SNKBUCL 
040 |a DSZK  |b slo  |c DSZK  |e AACR2 
041 0 |a hun 
044 |a xo  |c SK 
080 |a 314.745.4  |x (437)  |x "1947/1948"  |2 1997 
080 |a 314.745.4  |x (439)  |x "1947/1948"  |2 1997 
080 |a 94(437)  |x "1947/1948"  |2 1997 
080 |a 94(437.6)  |x "1947/1948"  |2 1997 
080 |a 94(439)  |x "1947/1948"  |2 1997 
080 |a 323.15  |x (=511.141)  |x (437.6)  |x "1947/1948"  |2 1997 
080 |a 061.3  |x (439)  |2 1997 
245 0 0 |a Szó se lehet szlovák megbánásról  |b a magyar sors Csehszlovákiában - nemzetközi konferencia és kiállítás Budapesten  |c MTI-tudósítás 
648 7 |a 2007  |2 SNK  |9 313226 
648 7 |a 27.9.2007  |2 SNK  |9 1245792 
648 7 |a 1947-1948  |2 SNK  |9 317215 
650 0 7 |a Maďari  |2 SNKPH  |9 18097 
650 0 7 |a repatriácia  |2 SNKPH  |9 4672 
651 7 |a Maďarsko  |x dejiny  |2 SNKPHgeo  |9 18630 
651 7 |a Československo  |x dejiny  |2 SNKPHgeo  |9 161432 
651 7 |a Slovensko  |x dejiny  |2 SNKPHgeo  |9 13278 
651 7 |a Budapešť (Maďarsko)  |2 SNKPHgeo  |9 17734 
773 0 |t Új szó  |g Évf. 60, sz. 223 (28.9.2007), o. 2 
852 |a SNK  |b KIS3GCP 
852 |a DSZK  |b KIS3GCP 
958 |a HU 
958 |a SK 
999 |c 3257928  |d 3259858